| 000 | 00436nam a2200169 a 4500 | ||
|---|---|---|---|
| 005 | 20140310183440.0 | ||
| 008 | 080415s19uu xx 00 eng d | ||
| 020 | _a0821774948 | ||
| 050 |
_aPZ 7 _b.T513 1993 |
||
| 100 | _aThorton, Elizabeth | ||
| 245 |
_aHighland fire. _cElizabeth Thornton |
||
| 260 |
_aNew York : _bZebra Books, _c1993. |
||
| 300 |
_a442 p. : _c18 cm. |
||
| 650 | _aFiction. | ||
| 942 |
_cBK _2lcc |
||
| 999 |
_c23053 _d23053 |
||